Flaggen von Ländern der EM 2024 - Statistiken

Allgemein
  • Dieses Quiz wurde 556 mal gespielt
  • Das Durchschnittsergebnis liegt bei 23 aus 24
Antwortstatistiken
Bildquiz Antwort % Korrekt
Belgien
100%
Frankreich
100%
Deutschland
99%
Portugal
99%
Spanien
98%
Türkei
98%
Österreich
97%
Schweiz
97%
England
96%
Albanien
95%
Dänemark
95%
Italien
95%
Kroatien
95%
Niederlande
95%
Polen
95%
Schottland
95%
Ukraine
95%
Ungarn
95%
Tschechien
94%
Rumänien
93%
Serbien
92%
Slowakei
92%
Georgien
90%
Slowenien
90%
Keine übereinstimmenden Quizze gefunden
Verteilung der Resultate
Anzahl Personen mit jedem Resultat
Perzentil nach korrekt beantworteten Fragen
Ihre Resultats-Entwicklung
Sie haben dieses Quiz noch nicht gespielt